000 00665nam a22002537a 4500
001 14412
003 BD-JhCC
005 20251027125838.0
008 251027b |||||||| |||| 00| 0 eng d
020 _a978141398099
035 _a(BD-JhCC) 14412
040 _aBD-JhCC
_dBD-JhCC
041 _aeng
082 _223
_a821.008
_bCHA
100 _aChaucer,Geoffrey
245 _a The Wife of Bath /
_cGeoffrey Chaucer
260 _aLondon:
_bPenguin Books,
_c1951
300 _a50p.;
_c16cm.
_ePaper
490 _aPenguin Little Black Classics,
_v28
650 _aFiction
650 _aPOETRY English, Irish, Scottish, Welsh
942 _2ddc
_cBK
999 _c14412
_d14412